000
00317nam a2200121Ia 4500
005
20251222154437.0
008
251222s9999||||xx |||||||||||||| ||spa||
082
_a
868.69/V23T/1972
100
_a
"Valle Inclán, Ramón Del "
245
0
_a
Tirano Banderas. Novela de tierra caliente
250
_a
8a.ed.
942
_c
LIB
999
_c
36632
_d
36632